000
00336nam a2200145Ia 4500
005
20251222144824.0
008
251222s9999||||xx |||||||||||||| ||spa||
020
_a
84-285-1478-X
082
_a
231.4/S27
100
_a
Sayés, José Antonio
245
0
_a
Razones para Creer:
250
_a
2a.ed.
264
_b
San Pablo
942
_c
LIB
999
_c
20602
_d
20602